000 00534cam a22002051 4500
001 sa 68006034
003 DLC
005 20260227112513.0
008 710915s1964 ii 000 0 eng
010 _asa 68006034
025 _aPL480:I-E-3627
040 _aDLC
_cDLC
_dDLC
043 _aa-ii---
050 0 0 _aTX724.5.I4
_bM355
100 1 _aMathew, K. M,
_cMrs.
245 1 0 _aKerala cookery,
_cby Mrs. K. M. Mathew.
260 _aKottayam,
_bManorama Pub. House
_c[1964]
300 _a166 p.
_c19 cm.
650 0 _aCooking, Indic.
999 _c81085
_d81085